000 00322nas a22001337a 4500
003 OSt
005 20240521101655.0
008 240515b |||||||| |||| 00| 0 eng d
022 _aRNI No. MAHENG/2005/21398
040 _cMRSPTU
245 _aExpress Pharma
260 _aMumbai
_bThe Indian Express
942 _2ddc
_cPR
_n0
_s1
999 _c10286
_d10286